Biggest Cities in Asia (2026) - Statistics

General Stats
  • This quiz has been taken 25 times
  • The average score is 38 of 50
Answer Stats
Population (2026) City % Correct
58.15 million Delhi
100%
41.91 million Jakarta
100%
9.08 million Kuala Lumpur
100%
27.2 million Mumbai
100%
26.03 million Seoul
100%
40.8 million Shanghai
100%
18.55 million Tehran
100%
39.10 million Tokyo
100%
22.54 million Beijing
94%
36.58 million Dhaka
94%
73.6 million Guangzhou
94%
11 million Hanoi
94%
28.26 million Karachi
94%
26.7 million Manila
94%
19.30 million Osaka
94%
18.18 million Bangkok
89%
21.89 million Ho Chi Minh City
89%
22.55 million Kolkata
89%
7.82 million Riyadh
89%
9.78 million Baghdad
83%
15.26 million Chennai
83%
15.15 million Lahore
83%
10.24 million Nagoya
83%
9.75 million Nanjing
83%
9.07 million Taipei
83%
16.31 million Tianjin
83%
10.71 million Wuhan
83%
11.93 million Xi'an
83%
22.36 million Chongqing
78%
16.04 million İstanbul
78%
13.03 million Xiamen
78%
10.07 million Ahmedabad
72%
13.19 million Bengaluru
72%
20.93 million Chengdu
72%
12.28 million Hangzhou
72%
10.8 million Hyderabad
72%
9.05 million Bandung
61%
10.08 million Surabaya
61%
9.17 million Chittagong
56%
8.74 million Kunming
56%
10.26 million Changsha
50%
7.87 million Pune
50%
21.53 million Moscow
44%
10.42 million Zhengzhou
44%
8.19 million Faisalabad
39%
8.35 million Jinan
39%
9.07 million Shenyang
39%
8.46 million Nanning
33%
9.68 million Shantou
22%
11.23 million Shijiazhuang
22%
No matching quizzes found
Score Distribution
Percent of People with Each Score
Percentile by Number Answered
Your Score History
You have not taken this quiz